Ripples of Ruin; Household Consumption in the Wake of Massive Flooding/ (Record no. 617451)

000 -LEADER
fixed length control field 00490nam a22001577a 4500
003 - CONTROL NUMBER IDENTIFIER
control field NUST
038 ## - RECORD CONTENT LICENSOR
Staff Name Nusrat Nadeem
082 ## - DEWEY DECIMAL CLASSIFICATION NUMBER
Classification number 200
100 ## - MAIN ENTRY--PERSONAL NAME
Personal name Ghani, Usman
245 ## - TITLE STATEMENT
Title Ripples of Ruin; Household Consumption in the Wake of Massive Flooding/
Statement of responsibility, etc. Usman Ghani,
264 ## - PRODUCTION, PUBLICATION, DISTRIBUTION, MANUFACTURE, AND COPYRIGHT NOTICE
Place of production, publication, distribution, manufacture Islamabad:
Date of production, publication, distribution, manufacture, or copyright notice 2026.
650 ## - SUBJECT ADDED ENTRY--TOPICAL TERM
Topical term or geographic name entry element MS-Economics
700 ## - ADDED ENTRY--PERSONAL NAME
Personal name Supervisor: Dr. Hira Iqbal
856 ## - ELECTRONIC LOCATION AND ACCESS
Uniform Resource Identifier <a href="http://10.250.8.41:8080/xmlui/handle/123456789/57875">http://10.250.8.41:8080/xmlui/handle/123456789/57875</a>
942 ## - ADDED ENTRY ELEMENTS (KOHA)
Source of classification or shelving scheme
Koha item type Soft Copy
264 ## - PRODUCTION, PUBLICATION, DISTRIBUTION, MANUFACTURE, AND COPYRIGHT NOTICE
-- S3H NUST,
Holdings
Withdrawn status Permanent Location Current Location Shelving location Date acquired Full call number Barcode Koha item type
  Central Library (CL) Central Library (CL) Thesis 05/14/2026 200 CL-T-7808 Soft Copy
© 2023 Central Library, National University of Sciences and Technology. All Rights Reserved.